Imidž vysokej školy - módne slovo, či potenciálna konkurenčná výhoda

Imidž vysokoškolskej vzdelávacej inštitúcie ako konkurenčná výhoda. Príklad z praxe - Imidž Podnikovohospodárskej fakulty - analýza a porovnanie interného a externého imidžu.

Salvato in:
Dettagli Bibliografici
Autore principale: Nimrichterová, Jana
Altri autori: Lieskovská, Vanda, 1961-
Natura: Capitolo di libro
Lingua:slovacco
Soggetti:
Tags: Aggiungi Tag
Nessun Tag, puoi essere il primo ad aggiungerne!!

MARC

LEADER 00000nla$a2200000$$$4500
001 0112718
005 20240614122009.8
041 0 |a slo 
044 |a SK 
245 1 0 |a Imidž vysokej školy - módne slovo, či potenciálna konkurenčná výhoda 
520 |a Imidž vysokoškolskej vzdelávacej inštitúcie ako konkurenčná výhoda. Príklad z praxe - Imidž Podnikovohospodárskej fakulty - analýza a porovnanie interného a externého imidžu. 
610 2 0 |a školy vysoké 
610 2 0 |a imidž 
610 2 0 |a analýzy 
610 2 0 |a výhody konkurenčné 
100 1 |a Nimrichterová, Jana 
700 1 |a Lieskovská, Vanda, 1961-